000 00676nam a2200181Ia 4500
008 090124s9999 xx 000 0 und d
082 _b24307
_a2610
100 _aभिडे माधुरी
245 _a भूल : पुरुषपात्र विरहित एकांकिका
250 _a1
260 _c1984
300 _a16
600 _aभिडे माधुरी
630 _a भूल : पुरुषपात्र विरहित एकांकिका
700 _aभिडे माधुरी
730 _a भूल : पुरुषपात्र विरहित एकांकिका
942 _cBOOK
999 _c137873
_d137873